3-Piece Bands (Trios) by Members - Statistics

General Stats
  • This quiz has been taken 636 times
    76 since last reset
  • The average score is 13 of 21
Answer Stats
Founded Members Group % Correct
1977 Sting, Andy Summers, Stewart Copeland The Police
95%
1987 Kurt Cobain, Krist Novoselic, Dave Grohl Nirvana
92%
1968 David Crosby, Stephen Stills, Graham Nash Crosby, Stills & Nash
86%
1987 Billie Joe Armstrong, Mike Dirnt, Tré Cool Green Day
82%
1967 Jimi Hendrix, Noel Redding, Mitch Mitchell The Jimi Hendrix Experience
82%
1966 Ginger Baker, Jack Bruce, Eric Clapton Cream
81%
1990 Beyoncé, Kelly Rowland, Michelle Williams Destiny's Child
78%
1992 Mark Hoppus, Tom DeLonge, Travis Barker Blink-182
67%
1975 Ian "Lemmy" Kilmister, Larry Wallis, Lucas Fox Motörhead
67%
1968 Alex Lifeson, Geddy Lee, Neil Peart Rush
67%
1970 Keith Emerson, Greg Lake, Carl Palmer Emerson, Lake & Palmer
63%
1992 Lauryn Hill, Wyclef Jean, Pras Michel Fugees
62%
1969 Billy Gibbons, Frank Beard, Dusty Hill ZZ Top
60%
1961 Peter Yarrow, Paul Stookey, Mary Travers Peter, Paul, and Mary
56%
1991 T-Boz, Left Eye, Chilli TLC
56%
1986 Ad-Rock, MCA, Mike D Beastie Boys
52%
1984 Les Claypool, Larry LaLonde, Tim "Herb" Alexander Primus
41%
1994 Matt Bellamy, Chris Wolstenholme, Dominic Howard Muse
30%
1984 J Mascis, Lou Barlow, Murph Dinosaur Jr.
21%
1988 Bradley Nowell, Eric Wilson, Bud Gaugh Sublime
18%
1979 Grant Hart, Bob Mould, Greg Norton Hüsker Dü
16%
No matching quizzes found
Score Distribution
Percent of People with Each Score
Percentile by Number Answered
Your Score History
You have not taken this quiz since the last reset